000 00585nam a22001817a 4500
999 _c169488
_d169488
005 20191122102602.0
010 _aENG-126965
020 _a9789383657513
_c40.00
035 _aEN-110497
037 _bDBAD/PUB
082 _a230.347
100 _aSen, Ronojoy
245 _aHinduism & the Indian supreme court /
_cby Challapalli Swaroopa Rani
260 _aNew Delhi
_bCritical Quest
_c2019
270 _a420, G/Block, Phase VI , Aya Nagar
_bNew Delhi
_e110047
_k9910036543
_mcriticalquest@gmail.com
300 _a48p.
_c20cm(pbk)
942 _2ddc
_cEN
_h230.347
_mSEN